Mil mesetas: capitalismo y esquizofrenia
Sparad:
| Huvudupphovsmän: | , |
|---|---|
| Övriga upphovsmän: | |
| Materialtyp: | Bok |
| Språk: | spanska |
| Publicerad: |
Valencia
Pre-Textos
2002
|
| Upplaga: | 5a. ed |
| Serie: | Pre-Textos. Ensayo, 94
|
| Ämnen: | |
| Taggar: |
Lägg till en tagg
Inga taggar, Lägg till första taggen!
|
MARC
| LEADER | 00000cam a2200000 a 4500 | ||
|---|---|---|---|
| 001 | UCL7994 | ||
| 003 | CL-VaPUC | ||
| 005 | 20240125113210.0 | ||
| 008 | 040611e20020000SP |||||||||||||||||spa|d | ||
| 999 | |c 309483 |d 309481 | ||
| 020 | |a 8485081951 | ||
| 040 | |c Pontificia Universidad Católica de Valparaíso | ||
| 082 | 0 | 4 | |a 301 |b DEL |2 21 |
| 100 | 0 | |a Deleuze, Gilles |e author |9 485896 | |
| 245 | 1 | 0 | |a Mil mesetas: capitalismo y esquizofrenia |
| 250 | |a 5a. ed | ||
| 260 | |a Valencia |b Pre-Textos |c 2002 | ||
| 300 | |a 522 p | ||
| 490 | 0 | |a Pre-Textos. Ensayo, 94 | |
| 583 | |a last modification |c 20131001 06:10:45 |k Rodrigo Vera | ||
| 650 | 0 | |a Antropología cultural y social |9 265143 | |
| 650 | 0 | |a Naturaleza humana |9 308593 | |
| 650 | 0 | |a Cambio social |9 256857 | |
| 650 | 0 | |a Filosofía del arte |9 264951 | |
| 700 | |a Guattari, Félix |e author |9 493160 | ||
| 700 | 1 | |a Vásquez Pérez, José |e traductor |9 864355 | |
| 942 | |c BK |2 ddc | ||
| 945 | |d 20040611 00:00:00 |a cmena | ||
| 952 | |0 0 |1 0 |4 0 |6 301_000000000000000_DEL_2002 |7 0 |8 A |9 376941 |a BIBING |b BIBING |d 2019-11-21 |i 402558K |o 301 DEL 2002 |p 402558K |r 2023-03-02 |w 2019-11-21 |y BK |k GEO | ||
| 952 | |0 0 |1 0 |3 erb |4 0 |6 301_000000000000000_DEL_2002 |7 0 |8 A |9 376942 |a BIBART |b BIBART |d 2019-11-21 |i 5014719 |o 301 DEL 2002 |p 5014719 |r 2025-03-13 |w 2019-11-21 |y BK |z Catalogado en:20131004 |k ART | ||
| 952 | |0 0 |1 0 |3 erb |4 0 |6 301_000000000000000_DEL_2002 |7 0 |8 R |9 376943 |a BIBEDU |b BIBEDU |c MCIRC |d 2019-11-21 |i 5019214 |l 12 |o 301 DEL 2002 |p 5019214 |q 2025-05-12 |r 2025-05-09 |s 2025-05-09 |w 2019-11-21 |y BK_R |z Catalogado en:20131018 |k PSI | ||
| 952 | |0 0 |1 0 |3 erb |4 0 |6 301_000000000000000_DEL_2002 |7 0 |8 A |9 376944 |a BIBING |b BIBING |i 5051622 |l 4 |o 301 DEL 2002 |p 5051622 |r 2025-01-20 |s 2023-12-19 |w 2019-11-21 |y BK |z Catalogado en:20140116 |k GEO | ||